| Tag |
First Indicator |
Second Indicator |
Subfields |
| LEADER |
00000cam a2200000Ia 4500 |
| 001 |
in00002807021 |
| 006 |
m o d |
| 007 |
cr cn||||||||| |
| 008 |
120827s2013 flu ob 001 0 eng d |
| 005 |
20250816203656.8 |
| 010 |
|
|
|z 2012032353
|
| 020 |
|
|
|z 9781466554306 (hardcover : alk. paper)
|
| 020 |
|
|
|z 9781466554313 (ebook)
|
| 035 |
|
|
|a (CaPaEBR)ebr10641391
|
| 040 |
|
|
|a CaPaEBR
|c CaPaEBR
|d UtOrBLW
|
| 050 |
1 |
4 |
|a TS155
|b .T79 2013eb
|
| 100 |
1 |
|
|a Trudell, Bill.
|
| 245 |
1 |
0 |
|a Relentless improvement :
|b true stories of lean transformations /
|c Bill Trudell.
|
| 264 |
|
1 |
|a Boca Raton :
|b Taylor & Francis,
|c [2013]
|
| 264 |
|
4 |
|c ©2013
|
| 300 |
|
|
|a 1 online resource (xx, 211 pages)
|
| 336 |
|
|
|a text
|b txt
|2 rdacontent
|
| 337 |
|
|
|a computer
|b c
|2 rdamedia
|
| 338 |
|
|
|a online resource
|b cr
|2 rdacarrier
|
| 504 |
|
|
|a Includes bibliographical references and index.
|
| 500 |
|
|
|a Electronic resource.
|
| 650 |
|
0 |
|a Industrial efficiency.
|
| 650 |
|
0 |
|a Lean manufacturing.
|
| 650 |
|
0 |
|a Manufacturing processes.
|
| 650 |
|
0 |
|a Organizational change.
|
| 650 |
|
0 |
|a Production management.
|
| 655 |
|
7 |
|a Electronic books.
|2 local
|
| 710 |
2 |
|
|a ebrary, Inc.
|
| 856 |
4 |
0 |
|u https://ebookcentral.proquest.com/lib/tamucs/detail.action?docID=1107619
|y Connect to the full text of this electronic book
|t 0
|
| 980 |
|
|
|a 130108
|b 39.95
|c USD
|e 39.95
|f YBP_EBR0000050353
|g 1
|
| 999 |
f |
f |
|s 80bc4a72-2108-3753-9c74-68049d3bf9ea
|i 300f2cbd-c123-3080-a332-bf8ebc276b70
|t 0
|
| 999 |
|
|
|a MARS
|
| 952 |
f |
f |
|a Texas A&M University
|b College Station
|c Electronic Resources
|d Available Online
|t 0
|e TS155 .T79 2013eb
|h Library of Congress classification
|
| 998 |
f |
f |
|a TS155 .T79 2013eb
|t 0
|l Available Online
|